O livro das idéias (Registo nº 197891)

Detalhes MARC
000 -Etiqueta do registo
Valores 00702nam 22001933 4500
010 ## - Número ISBN
ISBN 85-352-0676-0
100 ## - Dados gerais de processamento
Dados gerais 20250916d u||y0pory50 ba
200 ## - Titulo e menção de responsabilidade
Título próprio O livro das idéias
Informação de outro título um dicionário de teorias, conceitos, crenças, e pensadores que formam nossa visão do mundo
Primeira menção de responsabilidade Chris Rohmann
Outras menções de responsabilidade tradução Jussara Simões
210 ## - Publicação
Local de publicação Rio de Janeiro
Nome do editor Campus
Data de publicação 2000
215 ## - Descrição física 
Paginação / Volumes 468 p.
Outras indicações físicas brochado
Dimensões 23 cm
606 ## - Nome comum usado como assunto
ID Autoridade 13781
Palavra de ordem Obras gerais de referência
Subdivisão assunto Enciclopédias, dicionários, léxicos, glossários
675 ## - CDU
Notação 030
Edição BR
Língua por
700 ## - Autor principal (pessoa individual)
ID Autoridade 13928
Apelido Rohmann
Nome Chris
702 ## - Autor secundário (pessoa individual)
ID Autoridade 13929
Apelido Simões
Nome Jussara
801 ## - Fonte de origem
País PT
Agência BMMN
Regras de catalogação RPC
830 ## - Notas gerais do catalogador
Criado por Vanda
990 ## - Elementos KOHA
Tipo de documento Livro
Exemplares
Situação do levantamento Biblioteca de origem Código de barras Cota Permissão de empréstimo Tipo de documento Forma de aquisição
  Biblioteca Municipal de Montemor-o-Novo 26059 030 ROH|LG   Livro Compra

Powered by Koha